000
00339nam a2200145Ia 4500
008
230718s9999 xx 000 0 und d
041
_a
Eng.
082
_a
345025
_b
NIC-C
100
_a
Nicidsm and Bibbings
245
0
_a
Crimess of Outlage
260
_a
Pakistan
_b
Oxford Universty
_c
1917
300
_a
262
650
_a
Law
999
_c
28432
_d
28432